Library of the University of Algiers 3
Ibrahim Sultan Cheibout
شعار جامعة الجزائر 3
مكتبة جامعة الجزائر 3
إبراهيم سلطان شيبوط

التسويق والمسؤولية الاجتماعية / (رقم التسجيلة. 45351)

تفاصيل مارك
000 -LEADER
fixed length control field 01574nam a2200229Ia 4500
003 - CONTROL NUMBER IDENTIFIER
control field Ost
005 - DATE AND TIME OF LATEST TRANSACTION
control field 20260507075638.0
008 - FIXED-LENGTH DATA ELEMENTS--GENERAL INFORMATION
fixed length control field 260507s9999||||xx |||||||||||||| ||und||
020 ## - INTERNATIONAL STANDARD BOOK NUMBER
International Standard Book Number 9987111922
040 ## - CATALOGING SOURCE
Transcribing agency fsecg
041 ## - LANGUAGE CODE
Language code of text/sound track or separate title ara
082 ## - DEWEY DECIMAL CLASSIFICATION NUMBER
Classification number 301.11
100 ## - MAIN ENTRY--PERSONAL NAME
Personal name البكري، ثامر ياسر
Relator term مؤلف
245 #0 - TITLE STATEMENT
Title التسويق والمسؤولية الاجتماعية /
Statement of responsibility, etc. ثامر ياسر البكري
260 ## - PUBLICATION, DISTRIBUTION, ETC.
Place of publication, distribution, etc. عمان:
Name of publisher, distributor, etc. دار وائل للنشر,
Date of publication, distribution, etc. 2001
300 ## - PHYSICAL DESCRIPTION
Extent 168 صفحة؛
Dimensions 24 سم
504 ## - BIBLIOGRAPHY, ETC. NOTE
Bibliography, etc. note المراجع ص.159
520 ## - SUMMARY, ETC.
Summary, etc. البعد التاريخي لمسؤولية الاجتماعية و تعريفها و مفهومها و تناول المسؤولية الاجتماعية بين التأييد و المعارضة و التطرق الى تأثيرات البيئة على منظمات الاعمال في تطبيق المسؤولية الاجتماعية و كذا إستراتيجية العلاقة بين التأثيرات القانونية و المسؤولية الاجتماعية و التخطيط للمسؤولية الاجتماعية باعتماد الشكاوى و المشكلات المرتبطة بالمجتمع و كذا المفهوم الاجتماعي للتسويق و المسؤولية الاجتماعية و حماية المستهلك و حقوقه و اخلاقيات التسويق و اخيرا الدراسات السابقة في المسؤولية الاجتماعية.
653 ## - INDEX TERM--UNCONTROLLED
Uncontrolled term التسويق
653 ## - INDEX TERM--UNCONTROLLED
Uncontrolled term المسؤولية الاجتماعية
942 ## - ADDED ENTRY ELEMENTS (KOHA)
Koha item type كتب
المقتنيات
Withdrawn status Lost status Source of classification or shelving scheme Damaged status Not for loan Home library Current library Date acquired Serial enumeration / chronology Inventory number Total checkouts Full call number Barcode Date last seen Price effective from Koha item type
    Dewey Decimal Classification   NOT LOAN / إعارة داخلية مكتبة كلية العلوم الإقتصادية والعلوم التجارية وعلوم التسيير مكتبة كلية العلوم الإقتصادية والعلوم التجارية وعلوم التسيير 07/05/2026 الطابق الأرضي 824/1   أ/824ن1 824/1 07/05/2026 07/05/2026 كتب
    Dewey Decimal Classification   Available مكتبة كلية العلوم الإقتصادية والعلوم التجارية وعلوم التسيير مكتبة كلية العلوم الإقتصادية والعلوم التجارية وعلوم التسيير 07/05/2026 الطابق الثاني 824/2   أ/824ن2 824/2 07/05/2026 07/05/2026 كتب

موارد الويب المفتوحة


© University of Algiers 3 All Rights Reserved
|
Implemented by LECHELAH Riad